000 00787cam a2200217 4500
001 ##L113517
008 000000n2001 000 0 eng u
020 _a184113225X
035 _a(Sirsi) u113517
050 0 4 _a346.410482 $2 18
100 1 _aStokes, Simon
245 _aArt and copyright
260 _aOxford
_bHart Publishing
_c2001
300 _axxxi, 184p.
_c22cm.
350 _a25
520 _aExamines the intellectual property rights protecting works of art and artists' rights in the UK, as well as the implications of the likely introduction of Droit de Suite (artist's resale rights) by the European Union and the development of the internet.
650 2 4 _aDIRECTIVE 2001/84/EC
651 4 _aUnited Kingdom
_y
690 _aArts and antiques
_96217
942 _n0
999 _c101526
_d101526